|
|
|
|
| LEADER |
00000nam2a2200000 4500 |
| 001 |
312835 |
| 005 |
20240213154029.0 |
| 035 |
|
|
|a (RuTPU)RU\TPU\book\338205
|
| 090 |
|
|
|a 312835
|
| 100 |
|
|
|a 20151229d2015 m y0rusy50 ca
|
| 101 |
0 |
|
|a rus
|
| 102 |
|
|
|a RU
|
| 105 |
|
|
|a y j 001zy
|
| 200 |
0 |
|
|a Ч. 2 : Руководство к самостоятельной проектной работе студентов
|f сост. Э. В. Поздеева , Е. А. Склярова , В. В. Ларионов
|
| 210 |
|
|
|d 2015
|
| 215 |
|
|
|a 120 с.
|
| 320 |
|
|
|a Библиогр.: с. 112-114.
|
| 330 |
|
|
|a В этой части пособия наиболее действенными являются конкретные образовательные задачи как преамбула проектной деятельности студентов. Выделены элементы внедренческой учебной деятельности студентов при решении задач стандартного типа, подготовки к коллоквиумам, работе над рефератами. Предлагаемые задачи носят не только обучающий характер, но совершенствуют методы контроля и коррекции. Разобрано большое число примеров решения задач с подробным объяснением. Пособие содержит контрольные вопросы и методические указания для выполнения двух индивидуальных заданий (ИДЗ-3 и ИДЗ-4) по темам «Электростатика», «Постоянный ток», «Электромагнетизм», «Электромагнитные колебания и волны».Предназначено для студентов ИПР 1-2 курсов.
|
| 461 |
|
1 |
|0 (RuTPU)RU\TPU\book\333570
|t Физика
|o учебное пособие
|f Национальный исследовательский Томский политехнический университет (ТПУ)
|v Ч. 2 : Руководство к самостоятельной проектной работе студентов
|d 2015
|
| 606 |
1 |
|
|a Физика
|2 stltpush
|3 (RuTPU)RU\TPU\subj\63709
|9 80688
|
| 610 |
1 |
|
|a электростатика
|
| 610 |
1 |
|
|a постоянный ток
|
| 610 |
1 |
|
|a проектная деятельность
|
| 610 |
1 |
|
|a самостоятельная работа
|
| 610 |
1 |
|
|a задачи
|
| 610 |
1 |
|
|a решения
|
| 610 |
1 |
|
|a самостоятельные работы
|
| 610 |
1 |
|
|a учебные пособия
|
| 610 |
1 |
|
|a труды учёных ТПУ
|
| 675 |
|
|
|a 53(076)
|v 3
|
| 702 |
|
1 |
|a Поздеева
|b Э. В.
|c физик
|c доцент Томского политехнического университета, кандидат технических наук
|f 1944-
|g Эльвира Вадимовна
|3 (RuTPU)RU\TPU\pers\26936
|4 220
|
| 702 |
|
1 |
|a Склярова
|b Е. А.
|c физик
|c доцент Томского политехнического университета, кандидат педагогических наук
|f 1972-
|g Елена Александровна
|3 (RuTPU)RU\TPU\pers\24507
|4 220
|9 10826
|
| 702 |
|
1 |
|a Ларионов
|b В. В.
|c физик
|c профессор Томского политехнического университета, доктор педагогических наук
|f 1945-
|g Виталий Васильевич
|3 (RuTPU)RU\TPU\pers\25193
|4 220
|9 11273
|
| 801 |
|
1 |
|a RU
|b 63413507
|c 20151229
|
| 801 |
|
2 |
|a RU
|b 63413507
|c 20200115
|g RCR
|
| 942 |
|
|
|c BK
|